Derecho civil / (Registro nro. 5905)

Detalles MARC
000 -LEADER
fixed length control field 00995nam a2200301Ia 4500
003 - CONTROL NUMBER IDENTIFIER
control field OSt
005 - DATE AND TIME OF LATEST TRANSACTION
control field 20200818175125.0
008 - FIXED-LENGTH DATA ELEMENTS--GENERAL INFORMATION
fixed length control field 191128s20062007ck fr 001 0 spa d
020 ## - INTERNATIONAL STANDARD BOOK NUMBER
International Standard Book Number 9583505633
Qualifying information v.1
020 ## - INTERNATIONAL STANDARD BOOK NUMBER
International Standard Book Number 9789583505986
Qualifying information v.2
040 ## - CATALOGING SOURCE
Original cataloging agency CO-JMCR
Transcribing agency CO-JMCR
041 0# - LANGUAGE CODE
Language code of text/sound track or separate title spa
082 04 - DEWEY DECIMAL CLASSIFICATION NUMBER
Classification number 346.012 /
Item number V152d
Edition number 23
100 1# - MAIN ENTRY--PERSONAL NAME
Personal name Valencia Zea, Arturo,
Relator term autor
9 (RLIN) 8869
245 10 - TITLE STATEMENT
Title Derecho civil /
Statement of responsibility, etc. Arturo Valencia Zea y Álvaro Ortíz Monsalve
250 ## - EDITION STATEMENT
Edition statement Decimosexta edición
260 ## - PUBLICATION, DISTRIBUTION, ETC.
Place of publication, distribution, etc. Bogotá :
Name of publisher, distributor, etc. Temis,
Date of publication, distribution, etc. 2006
300 ## - PHYSICAL DESCRIPTION
Extent 2 volúmenes ;
Dimensions 24 cm.
490 0# - SERIES STATEMENT
Series statement Derecho civil
500 ## - GENERAL NOTE
General note Incluye índice de disposiciones y de materias.
504 ## - BIBLIOGRAPHY, ETC. NOTE
Bibliography, etc. note Bibliografía: páginas 633-646
505 0# - FORMATTED CONTENTS NOTE
Miscellaneous information V.1
Title parte general y personas
Miscellaneous information V.2
Title Derechos reales
650 14 - SUBJECT ADDED ENTRY--TOPICAL TERM
Topical term or geographic name entry element Personas (Derecho)
Geographic subdivision Colombia
9 (RLIN) 8870
650 14 - SUBJECT ADDED ENTRY--TOPICAL TERM
Topical term or geographic name entry element Derecho civil
Geographic subdivision Colombia
9 (RLIN) 8871
650 14 - SUBJECT ADDED ENTRY--TOPICAL TERM
Topical term or geographic name entry element Hermenéutica jurídica
9 (RLIN) 8872
700 1# - ADDED ENTRY--PERSONAL NAME
Personal name Ortíz Monsalve, Álvaro,
Relator term autor
9 (RLIN) 8873
942 ## - ADDED ENTRY ELEMENTS (KOHA)
Source of classification or shelving scheme Dewey Decimal Classification
Koha item type Books
Existencias
Withdrawn status Lost status Source of classification or shelving scheme Damaged status Not for loan Collection code Home library Current library Date acquired Source of acquisition Full call number Barcode Date last seen Copy number Koha item type Total Checkouts Price effective from
    Dewey Decimal Classification     Non-fiction Biblioteca Pública José María del Castillo y Rada Biblioteca Pública José María del Castillo y Rada 04/15/2018 Donación 346.012 / V152d 430007955 05/16/2024 V.1 / Ej.1 Books    
    Dewey Decimal Classification     Non-fiction Biblioteca Pública José María del Castillo y Rada Biblioteca Pública José María del Castillo y Rada 04/15/2018 Donación 346.012 / V152d 430008362 05/16/2024 V.2 / Ej.1 Books   08/18/2020